El halcón del Mississipi / (Record no. 65570)

MARC details
000 -LEADER
campo de control de longitud fija 00519nam a2200169 i 4500
001 - NÚMERO DE CONTROL
campo de control 65570
003 - IDENTIFICADOR DE NÚMERO DE CONTROL
campo de control ES-MaACL
007 - CAMPO FIJO DE DESCRIPCIÓN FÍSICA--INFORMACIÓN GENERAL
campo de control de longitud fija t|
008 - DATOS DE LONGITUD FIJA--INFORMACIÓN GENERAL
campo de control de longitud fija 040116s1953 sp ||||1| spa d
100 1# - ENTRADA PRINCIPAL--NOMBRE DE PERSONA
Nombre de persona Friend, Oscar Jerome.
9 (RLIN) 52658
245 13 - MENCIÓN DEL TÍTULO
Título El halcón del Mississipi /
Mención de responsabilidad, etc. Oscar J. Friend ; [traducción directa y completa de Luis Conde Vélez].
250 ## - MENCION DE EDICION
Mención de edición 1ª ed.
260 ## - PUBLICACIÓN, DISTRIBUCIÓN, ETC.
Lugar de publicación, distribución, etc. Barcelona :
Nombre del editor, distribuidor, etc. Bruguera,
Fecha de publicación, distribución, etc. [1953]
300 ## - DESCRIPCIÓN FÍSICA
Extensión 219 p. ;
Dimensiones 20 cm.
700 1# - ENTRADA AGREGADA--NOMBRE PERSONAL
Nombre de persona Conde Vélez, Luis.
9 (RLIN) 40133
852 ## - LOCALIZACIÓN
Ubicación ES-MaACL
Número de control de estantería C-7885
Sublocalización o colección R.34072
Holdings
Estatus retirado Estado de pérdida Estado de daño No para préstamo Biblioteca de origen Biblioteca actual Ubicación en estantería Fecha de adquisición Fuente de adquisición Total de préstamos Signatura topográfica completa Código de barras Visto por última vez Precio de reemplazo Tipo de ítem Koha
        Biblioteca del Ateneo de Madrid Biblioteca del Ateneo de Madrid Sala Palomar 17/01/2008     C-7885 1068698 23/02/2023 23/02/2023 Libro impreso